[Event "Barcelona La Lira-A 15th"]
[Site "Barcelona"]
[Date "2012.07.26"]
[Round "6"]
[White "Colom Andres, Xavier"]
[Black "Xanco Compains, Joan"]
[Result "1/2-1/2"]
[WhiteElo "1941"]
[BlackElo "2125"]
[PlyCount "57"]
[EventDate "2012.07.21"]
[EventType "tourn"]
[EventRounds "9"]
[EventCountry "ESP"]
[SourceTitle "EXT 2014"]
[Source "ChessBase"]
[SourceDate "2013.11.20"]
[SourceVersion "1"]
[SourceVersionDate "2013.11.20"]
[SourceQuality "1"]

1. d4 d5 2. c4 Nc6 3. Nc3 Nf6 4. cxd5 Nxd5 5. Nf3 Bf5 6. Qb3 Nxc3 7. bxc3 Qd7 8. e3 Be4 9. Be2 e5 10. 0-0 exd4 11. cxd4 Bd6 12. Ba3 0-0 13. Bxd6 Qxd6 14. Rfc1 Bd5 15. Qc3 Rfe8 16. Qc5 Qd7 17. Nd2 Rac8 18. Bf3 Bxf3 19. Nxf3 Qe7 20. Rab1 Qxc5 21. Rxc5 Nd8 22. d5 c6 23. dxc6 b6 24. Rc3 Nxc6 25. Rbc1 Ne7 26. Nd4 Rxc3 27. Rxc3 Rc8 28. Rxc8+ Nxc8 29. Kf1 1/2-1/2

[Event "Barcelona Tancat-B 3rd"]
[Site "Barcelona"]
[Date "2011.11.19"]
[Round "8"]
[White "Xanco Compains, Joan"]
[Black "Echarri Torres, Miguel"]
[Result "1-0"]
[WhiteElo "2141"]
[BlackElo "2075"]
[PlyCount "57"]
[EventDate "2011.10.01"]
[EventType "tourn"]
[EventRounds "9"]
[EventCountry "ESP"]
[SourceTitle "EXT 2013"]
[Source "ChessBase"]
[SourceDate "2012.11.22"]
[SourceVersion "1"]
[SourceVersionDate "2012.11.22"]
[SourceQuality "1"]

1. e4 e6 2. c4 c5 3. Nc3 Nc6 4. Nf3 Nf6 5. d4 cxd4 6. Nxd4 Qc7 7. Ndb5 Qb8 8. f4 d6 9. c5 dxc5 10. e5 Nd5 11. Ne4 Nd4 12. Nbd6+ Bxd6 13. Nxd6+ Ke7 14. Bd3 h5 15. 0-0 f5 16. Bc4 Nb6 17. Be3 Nxc4 18. Bxd4 cxd4 19. Nxc4 Bd7 20. Qxd4 Bc6 21. Nd6 Qc7 22. Qc5 Kd8 23. Rac1 Qe7 24. Rfd1 Bd5 25. Rxd5 exd5 26. Qxd5 Qd7 27. e6 Qa4 28. Nb5+ Ke7 29. Qd7+ 1-0

[Event "Barcelona Tancat-B 3rd"]
[Site "Barcelona"]
[Date "2011.10.29"]
[Round "5"]
[White "Salvo Garcia, Roger"]
[Black "Xanco Compains, Joan"]
[Result "0-1"]
[WhiteElo "2131"]
[BlackElo "2141"]
[PlyCount "136"]
[EventDate "2011.10.01"]
[EventType "tourn"]
[EventRounds "9"]
[EventCountry "ESP"]
[SourceTitle "EXT 2013"]
[Source "ChessBase"]
[SourceDate "2012.11.22"]
[SourceVersion "1"]
[SourceVersionDate "2012.11.22"]
[SourceQuality "1"]

1. d4 d5 2. c4 Nc6 3. e3 e5 4. dxe5 d4 5. a3 Nge7 6. Nf3 Bg4 7. Be2 dxe3 8. Qxd8+ Rxd8 9. Bxe3 Bxf3 10. gxf3 Nxe5 11. Nc3 Nf5 12. Rd1 Rxd1+ 13. Kxd1 Nd6 14. b3 a6 15. f4 Ng6 16. Kc2 Be7 17. Bd3 c6 18. Re1 0-0 19. a4 Rd8 20. Bb6 Re8 21. c5 Nc8 22. Bc7 Kf8 23. Bf5 Nh4 24. Bd7 Nf3 25. Rd1 Bd8 26. Bxe8 Bxc7 27. Bd7 Ne7 28. Bg4 Nxh2 29. Be2 Ke8 30. Rd4 f5 31. Kd2 Ng6 32. Bh5 Ke7 33. Bxg6 Nf3+ 34. Ke3 Nxd4 35. Kxd4 hxg6 36. Ke3 Ba5 37. Na2 Ke6 38. b4 Bd8 39. Nc3 Bf6 40. Ne2 Kd5 41. Kd3 a5 42. Nc3+ Bxc3 43. Kxc3 Ke4 44. bxa5 Kxf4 45. a6 bxa6 46. Kb4 g5 47. Ka5 g4 48. Kxa6 g3 49. fxg3+ Kxg3 50. Kb6 f4 51. a5 f3 52. a6 f2 53. a7 f1Q 54. a8Q Qb5+ 55. Kc7 Qxc5 56. Qe8 g5 57. Qe1+ Qf2 58. Qc3+ Qf3 59. Qe1+ Kh3 60. Qe6+ g4 61. Qh6+ Kg3 62. Qe6 c5 63. Qe1+ Qf2 64. Qc3+ Kg2 65. Qc1 g3 66. Kc8 Qf8+ 67. Kc7 Kh2 68. Qc2+ g2 0-1

[Event "Barcelona Tancat-B 3rd"]
[Site "Barcelona"]
[Date "2011.10.15"]
[Round "3"]
[White "Xanco Compains, Joan"]
[Black "Castillo, Sergio"]
[Result "1-0"]
[WhiteElo "2141"]
[BlackElo "2136"]
[PlyCount "115"]
[EventDate "2011.10.01"]
[EventType "tourn"]
[EventRounds "9"]
[EventCountry "ESP"]
[SourceTitle "EXT 2013"]
[Source "ChessBase"]
[SourceDate "2012.11.22"]
[SourceVersion "1"]
[SourceVersionDate "2012.11.22"]
[SourceQuality "1"]

1. e4 e5 2. Nc3 Nf6 3. f4 d5 4. fxe5 Nxe4 5. Nf3 Be7 6. Qe2 f5 7. d3 Nc5 8. Qf2 Ne6 9. d4 0-0 10. Ne2 c6 11. Nf4 Nxf4 12. Bxf4 Be6 13. Bd3 a5 14. Qg3 Na6 15. c3 c5 16. Bg5 cxd4 17. cxd4 Nb4 18. Bb1 Rc8 19. 0-0 Nc2 20. Bxc2 Rxc2 21. Rf2 Rxf2 22. Kxf2 Bxg5 23. Qxg5 Qb6 24. Qd2 h6 25. h4 f4 26. Rc1 Bf5 27. Rc5 Be4 28. b3 Qg6 29. Kf1 b6 30. Rc3 Qg4 31. Qf2 g5 32. hxg5 hxg5 33. Ke1 Qh5 34. Qg1 g4 35. Qh2 Qxh2 36. Nxh2 Bf5 37. Nf1 g3 38. Nd2 Rc8 39. Rxc8+ Bxc8 40. Nb1 Kf7 41. Nc3 Ke6 42. Nb5 Bb7 43. Ke2 Bc6 44. Nd6 a4 45. Kf3 axb3 46. axb3 b5 47. Kxf4 b4 48. Kxg3 Ke7 49. Kf4 Bd7 50. g4 Kf8 51. Nb7 Kf7 52. Nc5 Bb5 53. e6+ Kf6 54. g5+ Kg6 55. Ke5 Kxg5 56. e7 Kg6 57. Ke6 Be8 58. Na6 1-0

[Event "Barcelona Tancat-B 3rd"]
[Site "Barcelona"]
[Date "2011.10.01"]
[Round "1"]
[White "Xanco Compains, Joan"]
[Black "Barranco Montilla, Cristobal"]
[Result "0-1"]
[WhiteElo "2141"]
[BlackElo "2124"]
[PlyCount "59"]
[EventDate "2011.10.01"]
[EventType "tourn"]
[EventRounds "9"]
[EventCountry "ESP"]
[SourceTitle "EXT 2013"]
[Source "ChessBase"]
[SourceDate "2012.11.22"]
[SourceVersion "1"]
[SourceVersionDate "2012.11.22"]
[SourceQuality "1"]

1. e4 c5 2. b4 b6 3. b5 Bb7 4. Nc3 g6 5. Bc4 Bg7 6. Bd5 Bxd5 7. exd5 d6 8. Nf3 Nf6 9. 0-0 0-0 10. Rb1 a6 11. a4 axb5 12. axb5 Nbd7 13. Re1 Re8 14. d4 Qc7 15. Be3 Ng4 16. Ne4 Nxe3 17. Rxe3 cxd4 18. Nxd4 Bxd4 19. Qxd4 Qxc2 20. Rbe1 Ra4 21. Qc3 Rc8 22. Qxc2 Rxc2 23. Nc3 Ra7 24. Ne2 Ne5 25. h3 Kf8 26. Nd4 Rd2 27. Re4 Raa2 28. R4e2 Nd3 29. Rxd2 Rxd2 30. Ra1 0-1

[Event "Sant Adria 7th"]
[Site "Sant Adria de Besos"]
[Date "2011.06.05"]
[Round "6.1"]
[White "Xanco Compains, Joan"]
[Black "Ruiz Manchon, Francesco Xavier"]
[Result "0-1"]
[WhiteElo "2142"]
[BlackElo "2103"]
[PlyCount "90"]
[EventDate "2011.05.01"]
[EventType "swiss"]
[EventRounds "8"]
[EventCountry "ESP"]
[SourceTitle "EXT 2024"]
[Source "ChessBase"]
[SourceDate "2023.10.10"]
[SourceVersion "1"]
[SourceVersionDate "2023.10.10"]
[SourceQuality "1"]

1. e4 c5 2. Nc3 e6 3. Bc4 a6 4. a4 Nf6 5. e5 d5 6. exf6 dxc4 7. fxg7 Bxg7 8. Qe2 b6 9. Qxc4 Bb7 10. f3 Nc6 11. Nge2 Nd4 12. Nxd4 Bxd4 13. Qe2 Qh4+ 14. g3 Qh5 15. Ne4 0-0-0 16. c3 f5 17. cxd4 fxe4 18. 0-0 Rxd4 19. Ra3 Qd5 20. fxe4 Rxe4 21. Qf3 Qd4+ 22. Re3 Rxe3 23. dxe3 Qxa4 24. Qf6 Re8 25. Qf7 Qc6 26. e4 Qd7 27. Qxd7+ Kxd7 28. Rf7+ Re7 29. Rxe7+ Kxe7 30. e5 Kd7 31. Kf2 Kc6 32. Ke2 Kd5 33. Bf4 Kc4 34. Kd2 Kb3 35. Kc1 Bd5 36. Be3 a5 37. g4 a4 38. g5 Kc4 39. h4 Bf3 40. Bf2 b5 41. b3+ axb3 42. Kb2 Kb4 43. Be3 c4 44. Bd4 Bh5 45. Bc3+ Ka4 0-1

[Event "Sant Adria 7th"]
[Site "Sant Adria de Besos"]
[Date "2011.05.08"]
[Round "2.5"]
[White "Xanco Compains, Joan"]
[Black "Llopis Jordan, Lluis"]
[Result "1-0"]
[WhiteElo "2142"]
[BlackElo "1803"]
[PlyCount "85"]
[EventDate "2011.05.01"]
[EventType "swiss"]
[EventRounds "8"]
[EventCountry "ESP"]
[SourceTitle "EXT 2024"]
[Source "ChessBase"]
[SourceDate "2023.10.10"]
[SourceVersion "1"]
[SourceVersionDate "2023.10.10"]
[SourceQuality "1"]

1. e4 c6 2. Nc3 d5 3. Qf3 dxe4 4. Nxe4 Nd7 5. d4 Ndf6 6. c3 Nxe4 7. Qxe4 Nf6 8. Qc2 Bg4 9. Ne2 g6 10. Ng3 Bg7 11. Bc4 0-0 12. f3 Bd7 13. 0-0 Qc7 14. Re1 e6 15. Be3 Rfe8 16. Qd2 Nd5 17. Bh6 Rad8 18. Ne4 e5 19. Bg5 Rc8 20. Bxd5 cxd5 21. Nf6+ Bxf6 22. Bxf6 Qb6 23. Bxe5 f6 24. Bg3 Bf5 25. Re2 Qc6 26. Rae1 Qd7 27. Kf2 Kf7 28. Qh6 Kg8 29. Bh4 Rxe2+ 30. Rxe2 Rf8 31. g4 Bd3 32. Re3 Bb1 33. a3 g5 34. Bg3 Bg6 35. h4 f5 36. Qxg5 fxg4 37. h5 Qf5 38. Qe7 Qc2+ 39. Kg1 Qd1+ 40. Kh2 Qd2+ 41. Re2 Qh6 42. fxg4 Bxh5 43. Qh4 1-0

[Event "Sant Adria 6th"]
[Site "Sant Adria de Besos"]
[Date "2010.04.25"]
[Round "3"]
[White "Xanco Compains, Joan"]
[Black "Llerins Bonet, Ricardo"]
[Result "1-0"]
[WhiteElo "2061"]
[BlackElo "2097"]
[PlyCount "45"]
[EventDate "2010.04.11"]
[EventType "swiss"]
[EventRounds "8"]
[EventCountry "ESP"]
[SourceTitle "EXT 2024"]
[Source "ChessBase"]
[SourceDate "2023.10.10"]
[SourceVersion "1"]
[SourceVersionDate "2023.10.10"]
[SourceQuality "1"]

1. e4 e6 2. c4 d5 3. cxd5 exd5 4. exd5 Nf6 5. Bc4 Bc5 6. Nc3 0-0 7. Nge2 Bg4 8. d4 Bd6 9. 0-0 Nbd7 10. Bg5 Re8 11. Qc2 Bh5 12. Ng3 Bg6 13. Bd3 Nb6 14. Rae1 Bxd3 15. Qxd3 Rxe1 16. Rxe1 Bxg3 17. Qxg3 a6 18. Bxf6 Qxf6 19. Qxc7 Qxd4 20. Rd1 Re8 21. h3 Qf6 22. d6 Qd8 23. d7 1-0

[Event "Barcelona Amateur op-E 7th"]
[Site "Barcelona"]
[Date "2009.03.17"]
[Round "7"]
[White "Herms Agullo, Jordi"]
[Black "Xanco Compains, Joan"]
[Result "1-0"]
[WhiteElo "2136"]
[BlackElo "2108"]
[PlyCount "137"]
[EventDate "2009.02.03"]
[EventType "swiss"]
[EventRounds "8"]
[EventCountry "ESP"]
[SourceTitle "EXT 2011"]
[Source "ChessBase"]
[SourceDate "2010.11.26"]
[SourceVersion "1"]
[SourceVersionDate "2010.11.26"]
[SourceQuality "1"]

1. e4 e5 2. Nf3 Nf6 3. Bc4 Nxe4 4. Nc3 Nxc3 5. dxc3 c6 6. Nxe5 d5 7. 0-0 Bd6 8. Bd3 0-0 9. f4 Nd7 10. Nxd7 Bxd7 11. Qh5 f5 12. Be3 Qc7 13. Rf3 Rae8 14. Rh3 h6 15. Bd4 Bxf4 16. Rf1 c5 17. Qf3 cxd4 18. Qxf4 Qxf4 19. Rxf4 dxc3 20. bxc3 g5 21. Rb4 Bc6 22. Rxh6 Kg7 23. Rh5 Kf6 24. h4 Rg8 25. Rh6+ Rg6 26. hxg5+ Kxg5 27. Rxg6+ Kxg6 28. g4 Re1+ 29. Kf2 Rh1 30. gxf5+ Kg5 31. Rb2 b6 32. Ke3 Re1+ 33. Kd4 Kf6 34. Rb3 Rg1 35. Ra3 Rg7 36. Ra6 Rc7 37. a4 Rb7 38. a5 Bd7 39. Kxd5 Bxf5 40. Bxf5 Kxf5 41. Kc6 Rh7 42. axb6 axb6 43. Rxb6 Rh2 44. Rb2 Rh3 45. c4 Ke5 46. Rb3 Rh2 47. Rb2 Rh6+ 48. Kc5 Rh2 49. Kb6 Rh8 50. Rb5+ Kd4 51. c5 Rb8+ 52. Ka5 Ra8+ 53. Kb4 Kd5 54. Rb6 Ra2 55. Rd6+ Ke5 56. c3 Rb2+ 57. Kc4 Rb8 58. Rd1 Rc8 59. Re1+ Kf6 60. Kd5 Rd8+ 61. Kc6 Rd3 62. Rc1 Ke7 63. Kc7 Rd7+ 64. Kb6 Rd2 65. c6 Kd6 66. Rb1 Rc2 67. Rd1+ Ke7 68. c7 Rb2+ 69. Kc5 1-0

[Event "Barcelona Amateur op-E 7th"]
[Site "Barcelona"]
[Date "2009.02.24"]
[Round "4"]
[White "Xanco Compains, Joan"]
[Black "Molano Lafuente, Ismael"]
[Result "1-0"]
[WhiteElo "2108"]
[BlackElo "2087"]
[PlyCount "117"]
[EventDate "2009.02.03"]
[EventType "swiss"]
[EventRounds "8"]
[EventCountry "ESP"]
[SourceTitle "EXT 2011"]
[Source "ChessBase"]
[SourceDate "2010.11.26"]
[SourceVersion "1"]
[SourceVersionDate "2010.11.26"]
[SourceQuality "1"]

1. e4 Nc6 2. Nc3 e6 3. d4 d5 4. e5 Nge7 5. Bg5 h6 6. Be3 Nf5 7. Qd2 Bd7 8. 0-0-0 a6 9. g4 Nxe3 10. Qxe3 Bb4 11. Nge2 Qe7 12. a3 Ba5 13. h4 b5 14. Ng3 b4 15. Nb1 Bb6 16. Nh5 Rg8 17. g5 hxg5 18. hxg5 Kd8 19. Rg1 Rh8 20. Be2 g6 21. Nf6 Kc8 22. axb4 Nxb4 23. Qa3 c5 24. c3 Nc6 25. Bb5 Kc7 26. Bxc6 Bxc6 27. Rh1 Rxh1 28. Rxh1 Qf8 29. Rh4 cxd4 30. cxd4 Qxa3 31. Nxa3 Ba4 32. Nb1 Kc6 33. Nc3 Bb5 34. Kd2 Rf8 35. Ke3 Bd8 36. Rh7 Be7 37. f4 Bxf6 38. gxf6 Kd7 39. Nxb5 axb5 40. Kd3 Kc6 41. Kc3 Kc7 42. Kb4 Kb6 43. Rh3 Rc8 44. b3 Rc1 45. Rh7 Rd1 46. Rxf7 Rxd4+ 47. Kc3 Rxf4 48. Re7 d4+ 49. Kb4 Kc6 50. Rxe6+ Kd5 51. Re7 g5 52. f7 g4 53. e6 g3 54. Re8 g2 55. e7 g1Q 56. Rd8+ Ke4 57. e8Q+ Kd3 58. Qxb5+ Kc2 59. Qe2+ 1-0

[Event "Barcelona Amateur op-E 7th"]
[Site "Barcelona"]
[Date "2009.02.17"]
[Round "3"]
[White "Lopez Forn, Marc"]
[Black "Xanco Compains, Joan"]
[Result "1/2-1/2"]
[WhiteElo "1896"]
[BlackElo "2108"]
[PlyCount "36"]
[EventDate "2009.02.03"]
[EventType "swiss"]
[EventRounds "8"]
[EventCountry "ESP"]
[SourceTitle "EXT 2011"]
[Source "ChessBase"]
[SourceDate "2010.11.26"]
[SourceVersion "1"]
[SourceVersionDate "2010.11.26"]
[SourceQuality "1"]

1. e4 e5 2. Nf3 Nf6 3. Bc4 Nxe4 4. Nc3 Nxc3 5. dxc3 c6 6. Nxe5 d5 7. 0-0 dxc4 8. Qxd8+ Kxd8 9. Nxf7+ Ke8 10. Nxh8 Be7 11. Re1 Kf8 12. Bf4 c5 13. Rxe7 Kxe7 14. Re1+ Be6 15. Bg5+ Kd6 16. Bf4+ Kd7 17. Rd1+ Ke8 18. Re1 Kd7 1/2-1/2

[Event "Catalunya-chT Primera Gp2"]
[Site "Catalunya"]
[Date "2008.02.17"]
[Round "4"]
[White "Xanco Compains, Joan"]
[Black "Martin Perez, Javier"]
[Result "1/2-1/2"]
[WhiteElo "2092"]
[BlackElo "2194"]
[PlyCount "41"]
[EventDate "2008.01.27"]
[EventType "team-tourn"]
[EventRounds "9"]
[EventCountry "ESP"]
[SourceTitle "EXT 2019"]
[Source "ChessBase"]
[SourceDate "2018.10.10"]
[SourceVersion "1"]
[SourceVersionDate "2018.10.10"]
[SourceQuality "1"]

1. e4 e6 2. c4 d5 3. exd5 exd5 4. cxd5 Nf6 5. Bc4 Nbd7 6. Nc3 Nb6 7. Qb3 Bd6 8. Nge2 0-0 9. d3 Re8 10. 0-0 Bf5 11. Ng3 Bg6 12. Bg5 h6 13. Bh4 Nbd7 14. f4 a6 15. f5 Bh7 16. Qd1 Qe7 17. Nge4 Qe5 18. Bg3 Qd4+ 19. Bf2 Qe5 20. Bg3 Qe7 21. Bh4 1/2-1/2

[Event "Catalunya-ch"]
[Site "Barcelona"]
[Date "2007.04.07"]
[Round "7"]
[White "Xanco Compains, Joan"]
[Black "Corretja Torrens, Jordi"]
[Result "1-0"]
[WhiteElo "2111"]
[BlackElo "1895"]
[PlyCount "81"]
[EventDate "2007.04.01"]
[EventType "swiss"]
[EventRounds "9"]
[EventCountry "ESP"]
[SourceTitle "CBM 117 Extra"]
[Source "ChessBase"]
[SourceDate "2007.05.09"]
[SourceVersion "1"]
[SourceVersionDate "2007.05.09"]
[SourceQuality "1"]

1. e4 c6 2. Nc3 d5 3. Qf3 dxe4 4. Nxe4 Nd7 5. d4 Ngf6 6. Bc4 e6 7. Bg5 Qa5+ 8. Bd2 Qb6 9. Bc3 Nxe4 10. Qxe4 Nf6 11. Qf3 Bb4 12. Ne2 0-0 13. 0-0 Bxc3 14. bxc3 Qc7 15. h4 e5 16. Qg3 Re8 17. Bd3 Nh5 18. Qg5 e4 19. Qxh5 exd3 20. cxd3 g6 21. Qf3 h5 22. Qf4 Qa5 23. Ng3 Qxc3 24. Ne4 Rxe4 25. dxe4 Be6 26. Qf6 Qc2 27. f3 Bc4 28. Rfc1 Qe2 29. Re1 Qd2 30. a3 Re8 31. Qd6 Re6 32. Qc5 b5 33. Rad1 Qf4 34. Qg5 Qd6 35. d5 cxd5 36. exd5 Qc5+ 37. Kh1 Rxe1+ 38. Rxe1 Qxd5 39. Qf6 Qd7 40. Re4 Be6 41. Rd4 1-0

[Event "Catalunya-ch"]
[Site "Barcelona"]
[Date "2007.04.06"]
[Round "6"]
[White "Lopez Gallego, Miguel Angel"]
[Black "Xanco Compains, Joan"]
[Result "1-0"]
[WhiteElo "1945"]
[BlackElo "2111"]
[PlyCount "97"]
[EventDate "2007.04.01"]
[EventType "swiss"]
[EventRounds "9"]
[EventCountry "ESP"]
[SourceTitle "CBM 117 Extra"]
[Source "ChessBase"]
[SourceDate "2007.05.09"]
[SourceVersion "1"]
[SourceVersionDate "2007.05.09"]
[SourceQuality "1"]

1. Nf3 d5 2. d4 Nc6 3. g3 Bg4 4. Bg2 f6 5. Nc3 Qd7 6. 0-0 0-0-0 7. Na4 e5 8. Nc5 Bxc5 9. dxc5 Qe7 10. b4 Nxb4 11. c3 Na6 12. c6 Qe6 13. cxb7+ Kb8 14. Rb1 Rd6 15. Be3 Ne7 16. Qa4 Rc6 17. Qa3 Nf5 18. Bd2 e4 19. Nd4 Nxd4 20. cxd4 Bxe2 21. Rfc1 Bc4 22. Bf1 Bxf1 23. Rxc6 Qxc6 24. Rxf1 Re8 25. Rc1 Qxb7 26. Qa4 Rd8 27. Bf4 g5 28. Rc3 gxf4 29. Rb3 Qxb3 30. Qxb3+ Kc8 31. gxf4 Rd6 32. Qh3+ Kb8 33. Qxh7 c5 34. Qe7 Rc6 35. Qd8+ Kb7 36. dxc5 Rxc5 37. Qxf6 Rc6 38. Qf7+ Nc7 39. f5 d4 40. Kf1 d3 41. Ke1 Kb6 42. Qb3+ Kc5 43. f6 Kd4 44. Qb2+ Kd5 45. f7 Ne6 46. Qb3+ Rc4 47. h4 Kd4 48. Qb2+ Kd5 49. h5 1-0

[Event "Catalunya-ch"]
[Site "Barcelona"]
[Date "2007.04.04"]
[Round "4"]
[White "Gonzalez Garcia, Sergi"]
[Black "Xanco Compains, Joan"]
[Result "1/2-1/2"]
[WhiteElo "1874"]
[BlackElo "2111"]
[PlyCount "89"]
[EventDate "2007.04.01"]
[EventType "swiss"]
[EventRounds "9"]
[EventCountry "ESP"]
[SourceTitle "CBM 117 Extra"]
[Source "ChessBase"]
[SourceDate "2007.05.09"]
[SourceVersion "1"]
[SourceVersionDate "2007.05.09"]
[SourceQuality "1"]

1. e4 e5 2. Nf3 Nf6 3. Nxe5 d6 4. Nf3 Nxe4 5. Nc3 Nxc3 6. dxc3 Nc6 7. Bf4 Bg4 8. Bb5 Qe7+ 9. Be3 Qe4 10. Qe2 0-0-0 11. Bxc6 Qxc6 12. 0-0-0 Bxf3 13. gxf3 d5 14. Qd3 Qg6 15. Qd4 b6 16. Rhg1 Qe6 17. f4 f6 18. Qa4 Kb7 19. c4 Qc6 20. Qxc6+ Kxc6 21. Rd3 Rd6 22. cxd5+ Rxd5 23. Rxd5 Kxd5 24. Rd1+ Kc6 25. Rd8 g6 26. Kd1 Bg7 27. Rxh8 Bxh8 28. Ke2 f5 29. c3 Bf6 30. Kd3 a5 31. a4 Kd5 32. c4+ Kd6 33. b3 Bb2 34. Bd4 Bxd4 35. Kxd4 Kc6 36. h3 Kd6 37. h4 h6 38. f3 h5 39. Kd3 Kc5 40. Kc3 c6 41. Kd3 b5 42. axb5 cxb5 43. cxb5 Kxb5 44. Kc3 Kc5 45. Kd3 1/2-1/2

[Event "Catalunya-ch"]
[Site "Barcelona"]
[Date "2007.04.03"]
[Round "3"]
[White "Xanco Compains, Joan"]
[Black "Quintana Ortiz, Joaquin"]
[Result "0-1"]
[WhiteElo "2111"]
[BlackElo "1980"]
[PlyCount "100"]
[EventDate "2007.04.01"]
[EventType "swiss"]
[EventRounds "9"]
[EventCountry "ESP"]
[SourceTitle "CBM 117 Extra"]
[Source "ChessBase"]
[SourceDate "2007.05.09"]
[SourceVersion "1"]
[SourceVersionDate "2007.05.09"]
[SourceQuality "1"]

1. e4 c5 2. Nc3 Nc6 3. Bc4 g6 4. f4 e6 5. Nf3 Bg7 6. 0-0 Nge7 7. d3 d5 8. Bb3 0-0 9. Qe1 Na5 10. Bd2 Nxb3 11. axb3 b6 12. Qh4 Nc6 13. Qh3 a5 14. Ng5 h6 15. Nf3 Nd4 16. Nxd4 cxd4 17. Ne2 dxe4 18. dxe4 Ba6 19. Rfe1 d3 20. cxd3 Bxd3 21. e5 Bxe2 22. Rxe2 Qd4+ 23. Be3 Qd3 24. Rd2 Qxb3 25. Ra3 Qb5 26. Qf3 Rfc8 27. Rc3 Bf8 28. f5 exf5 29. e6 fxe6 30. Rcd3 Bc5 31. Bxc5 Qxc5+ 32. Kh1 Rf8 33. Rd7 Qc1+ 34. Rd1 Qxb2 35. Qe3 Qf6 36. Qxb6 a4 37. R7d6 Rfe8 38. Rd7 a3 39. Ra7 a2 40. Qb7 Rxa7 41. Qxa7 Qb2 42. Qd7 a1Q 43. Qxe8+ Kh7 44. Qd7+ Qg7 45. Qd3 Qae5 46. Qf3 Qe4 47. Qf2 h5 48. Re1 Qed4 49. Qg3 e5 50. h3 Qga7 0-1

[Event "Catalunya-ch"]
[Site "Barcelona"]
[Date "2007.04.01"]
[Round "1"]
[White "Xanco Compains, Joan"]
[Black "Serentill Tost, Eduard"]
[Result "1-0"]
[WhiteElo "2111"]
[BlackElo "1788"]
[PlyCount "23"]
[EventDate "2007.04.01"]
[EventType "swiss"]
[EventRounds "9"]
[EventCountry "ESP"]
[SourceTitle "CBM 117 Extra"]
[Source "ChessBase"]
[SourceDate "2007.05.09"]
[SourceVersion "1"]
[SourceVersionDate "2007.05.09"]
[SourceQuality "1"]

1. e4 e6 2. c4 d5 3. cxd5 exd5 4. exd5 Qxd5 5. Nc3 Qe6+ 6. Be2 Nf6 7. Nf3 Be7 8. 0-0 0-0 9. d4 Nd5 10. Bd3 Nd7 11. Qc2 f5 12. Nxd5 1-0

[Event "Catalunya-ch U20"]
[Site "Salou"]
[Date "2005.03.25"]
[Round "5"]
[White "Aloma Vidal, Roberto"]
[Black "Xanco Compains, Joan"]
[Result "1-0"]
[WhiteElo "2329"]
[BlackElo "2048"]
[PlyCount "88"]
[EventDate "2005.03.22"]
[EventType "swiss"]
[EventRounds "8"]
[EventCountry "ESP"]
[SourceTitle "EXT 2019"]
[Source "ChessBase"]
[SourceDate "2018.10.10"]
[SourceVersion "1"]
[SourceVersionDate "2018.10.10"]
[SourceQuality "1"]

1. d4 Nf6 2. Bg5 d5 3. e3 Nbd7 4. c4 c6 5. Nf3 e6 6. Nbd2 Bb4 7. cxd5 exd5 8. Bd3 0-0 9. 0-0 Re8 10. Qc2 g6 11. a3 Bf8 12. b4 a6 13. Rab1 Qb6 14. h3 Bd6 15. Rfc1 Kg7 16. Re1 h6 17. Bxf6+ Nxf6 18. Nh4 g5 19. Nhf3 g4 20. hxg4 Bxg4 21. Nh4 Rad8 22. Bf5 Bh5 23. Nf1 Ne4 24. Bxe4 Rxe4 25. Nf5+ Kf6 26. Nxd6 Rxd6 27. Ng3 Bg6 28. Nxe4+ Bxe4 29. Qc5 Qc7 30. Rb2 Bd3 31. Qc3 Bc4 32. e4 Kg7 33. Qg3+ Kh7 34. Qe5 Qd8 35. Qf5+ Kg7 36. e5 Rg6 37. e6 fxe6 38. Rxe6 Rxe6 39. Qxe6 Qf6 40. Qxf6+ Kxf6 41. a4 Kf5 42. f3 h5 43. g3 Kg5 44. a5 Kf6 1-0

[Event "Catalunya-ch U20"]
[Site "Salou"]
[Date "2005.03.24"]
[Round "3"]
[White "Xanco Compains, Joan"]
[Black "Zamarreno Cuerda, Eva"]
[Result "1-0"]
[WhiteElo "2048"]
[BlackElo "1846"]
[PlyCount "35"]
[EventDate "2005.03.22"]
[EventType "swiss"]
[EventRounds "8"]
[EventCountry "ESP"]
[SourceTitle "EXT 2019"]
[Source "ChessBase"]
[SourceDate "2018.10.10"]
[SourceVersion "1"]
[SourceVersionDate "2018.10.10"]
[SourceQuality "1"]

1. e4 e5 2. Nc3 Nc6 3. f4 exf4 4. Nf3 Nf6 5. d4 d6 6. Bxf4 Bg4 7. Bc4 Be7 8. Qd2 Nxe4 9. Bxf7+ Kxf7 10. Nxe4 Bh4+ 11. Nxh4 Qxh4+ 12. Bg3 Qe7 13. Qf4+ Ke8 14. Qxg4 d5 15. 0-0-0 dxe4 16. Rde1 Kf7 17. Rxe4 Qd8 18. Rf1+ 1-0

[Event "Catalunya-ch U20"]
[Site "Salou"]
[Date "2005.03.23"]
[Round "2"]
[White "Vila Gazquez, Xavier"]
[Black "Xanco Compains, Joan"]
[Result "1-0"]
[WhiteElo "2307"]
[BlackElo "2048"]
[PlyCount "49"]
[EventDate "2005.03.22"]
[EventType "swiss"]
[EventRounds "8"]
[EventCountry "ESP"]
[SourceTitle "EXT 2019"]
[Source "ChessBase"]
[SourceDate "2018.10.10"]
[SourceVersion "1"]
[SourceVersionDate "2018.10.10"]
[SourceQuality "1"]

1. e4 e5 2. Nf3 Nf6 3. Nxe5 d6 4. Nf3 Nxe4 5. Nc3 Nxc3 6. dxc3 Bg4 7. h3 Bf5 8. Be3 Nc6 9. Qd2 Ne5 10. Nd4 Be4 11. 0-0-0 Qd7 12. f4 Ng6 13. Be2 0-0-0 14. Rhe1 Kb8 15. Kb1 h5 16. Bf1 d5 17. Nb3 b6 18. Bxb6 Bxc2+ 19. Qxc2 axb6 20. Nd4 Qd6 21. Qa4 Ne7 22. Rxe7 Bxe7 23. Bb5 c5 24. Nc6+ Kc8 25. Qa8+ 1-0